00476nam a2200133Ia 4500008004100000020001400041040004400055100002300099245009100122260005400213300003200267500002600299999001700325180412s9999||||xx |||||||||||||| ||und|| a801819830 aAhmadu Bello University Library - Zaria aForsythe, David P. 0aHumanitarian politics: the International Committee of the Red CrosscDavid P. Forsythe aBaltimore, MarylandbThe John Hopkins, U.P.c1977 axii, 298p.: diagrs., tables aBibliography: 275-293 c21652d21652